00487nam a2200145Ia 4500008004100000024001400041082001700055100001700072245004100089260002500130600002100155650003800176952011000214999001700324250506s9999 xx 000 0 und d a11B-15-BS a005.1072 HAM aHamdan Habib 0aOnline Pharmacy Services (code book) aKarachi:bUIT,c2011 aComputer Science aBachelor of Computer Science (BS) 001040708PR-CSaUITUbUITUd2022-07-26l0o005.1072 HAMpBS-444-Ar2025-05-06 11:34:26w2025-05-06yPR c28442d28442